Za obzor neoklasické ekonomie: cesta k principům nové institucionální ekonomie

Vymedzenie pojmu slobodný trh (free market) a s ním súvisiace pojmy trhové zlyhanie a primárny trh. Slobodný trh a štátne zásahy. Trhové zlyhanie. Historický pohľad na trhové princípy. Svet inštitúcií a metodologické východiská.

Salvato in:
Dettagli Bibliografici
Autore principale: Svoboda, František
Natura: Capitolo di libro
Lingua:ceco
Soggetti:
Tags: Aggiungi Tag
Nessun Tag, puoi essere il primo ad aggiungerne!!

MARC

LEADER 00000naa$a2200000$$$4500
001 0064391
005 20231019131130.1
041 0 |a cze 
044 |a CZ 
245 1 0 |a Za obzor neoklasické ekonomie: cesta k principům nové institucionální ekonomie  |c František Svoboda 
520 |a Vymedzenie pojmu slobodný trh (free market) a s ním súvisiace pojmy trhové zlyhanie a primárny trh. Slobodný trh a štátne zásahy. Trhové zlyhanie. Historický pohľad na trhové princípy. Svet inštitúcií a metodologické východiská. 
610 2 0 |a teórie ekonomické 
610 2 0 |a neoklasicizmus 
610 2 0 |a trh relevantný 
610 2 0 |a zlyhanie trhu 
610 2 0 |a prostredie ekonomické 
610 2 0 |a konkurencia 
610 2 0 |a štát 
100 1 |a Svoboda, František